000
00233nam a2200097Ia 4500
008
240331s9999 xx 000 0 und d
082
_b
MUT
100
_a
Muthumeeran, S
245
0
_a
Ilankai kiramathu muslimkalin palamolikal
942
_c
L
999
_c
1504
_d
1504